[Event "SuperGM"]
[Site "Linares ESP"]
[Date "2002.02.25"]
[Round "3"]
[White "Kasparov, Garri"]
[Black "Anand, Viswanathan"]
[Result "1/2-1/2"]
[WhiteElo "2838"]
[BlackElo "2757"]
[Annotator "Hathaway, Mark"]

1. e4 c5
{ Anand has played the Sicilian Defense, Spanish Game (Open or closed variations) , Scandinavian Defense and (against some opponents) the French Defense or Caro-Kann Defense. Recently he has been playing the Sicilian Defense with ...e6. }
2. Nf3 e6 3. d4 cxd4 4. Nxd4 Nc6 5. Nc3 Qc7
{ Black's opening seems particularly aimed at preventing any Sozin-like variation (Qc7 makes Bf1-c4 unlikely) or a Richter (Bc1-g5 to pin a Nf6) as there is no Nf6. So, White develops more quietly and will latch onto a concrete plan a bit later, after he's seen how Black has developed. }
6. Be2 a6 7. O-O Nf6 8. Be3 Bb4 ( 8...d6 
{ completes a transformation to a classical Scheveningen Variation. }
 ) ( 8...b5 9. Nxc6 dxc6 ( 9...Qxc6 $4 10. e5 
{ and Be2-f3 will be tremendously advantageous to White }
 10...Bb7 11. Bf3 Nd5 12. Nxd5 exd5 13. Qd4 $16 ) ) 9. Na4 Be7 ( 9...Nxe4 
{ has also been played }
 ) 10. Nxc6 bxc6 11. Nb6 Rb8 12. Nxc8 Qxc8
{ With this short flurry White has the two bishops and a simpler pawn formation. It's the next phase of the game which will resolve whether those two bishops are powerful. }
13. Bd4 O-O 14. e5
{ Earlier in the tournament Shirov played 14. Qd3, which gave a small advantage. }
 ( 14. Bd3 c5 15. Bc3 c4 16. Be2 Nxe4 ) 14...Nd5 15. c4
{ Kasparov advances pawns to help ensure Black's pieces get chased around and Pd7 stays backward (gaining a grip on d6) . But, in so doing he makes moves like ...f7-f6xe5 possible, and he blocks the attack on Pa6 (however slight or insignificant that might seem) . }
15...Nf4 16. Bf3
{ This is a far less desirable square for the bishop than d3, but I suppose it is heading to e4. }
16...Qc7 17. Re1 Ng6 18. c5
{ One of the curious aspects of this kind of position is the difficulty of getting at Pd7, despite it being on an open file and almost indefensible. Defense of the exposed Pe5 and Pb2 keep White busy. }
18...f6
{ Anand doesn't wait for Bf3-e4xg6 because that would weaken his king's position, probably making a later ...f7-f6 impossible. }
19. exf6 Bxf6 20. Be4 Nf4 21. Bxf6 ( 21. g3 $4 
{ allows Black's knight too many possibilities }
 21...Nh3+ 22. Kg2 Bxd4 ) 21...Rxf6
{ With two open files occupied by rooks it appears Black has adequate compensation for the backward Pd7. All those Black pawns on light squares limit Be4 (only Ph7 is truly exposed to the bishop) }
22. Qc2 h6 23. Rad1 Nd5 24. g3
{ It's not so easy for Black to find a very good plan here. Certainly Pa2, Pb2 and Pc5 are worth attacking, but he must also realize White can fight with f2-f4-f5 to undermine Nd5 and to weaken Kg8. There is also Bxd5 cxd5 to mobilize Pc5. White holds the central files and Black has to use his long-distance pieces (queen and rooks) to work from the edges, hitting all the crucial points. }
24...a5 ( 24...Qa5 25. Bxd5 cxd5 26. a3 ( 26. c6 $2 Rc8 ( 26...dxc6 27. Qxc6 Rb6 ) ) 26...Rc8 27. Rc1 Rc6 28. Re3 
{ defending Pa3 to prepare b2-b4 }
 28...d6 29. b4 Qb5 30. Rc3 dxc5 31. Rxc5 Rxc5 $13 ) ( 24...Qb7 
{ As with Qa5 this plans some offense, but it stays in touch with square c6. }
 25. Rd2 Qb5 26. f4 
{ and White threatens f4-f5 to undermine Nd5 }
 ) ( 24...Rbf8 25. f4 Nxf4 $2 26. gxf4 Qxf4 27. Rd2 Qg4+ 28. Bg2 
{ and White seems secure enough to begin thinking about ways to repel Black and go on the offense }
 ( 28. Kh1 $4 Rf1+ 29. Rxf1 Rxf1# ) ) ( 24...g5 $5 
{ exposes Kg8, but gets a grip on the important f4 square }
 ) 25. a3
{ Before committing to such weakening moves as f2-f4 he prevents ...Nd5-b4, which would gain a valuable tempo, hitting Qc2. This also prevents ...Rb8-b4. }
25... Rff8
{ I suppose he might have an idea of adding pressure on the b-file with doubled rooks, but it seems unlikely this could succeed and he would be removing a valuable defender from his king. }
26. Re2 ( 26. Rd4 
{ prevents ...a5-a4, thus freeing the way for Qc2-e2-g4-g6. The maneuver ...Qc7-e5-g5 is prevented by Be4-h7+. }
 ) 26...Qd8
{ So, Anand brings Qd8 toward the king-side, but that would leave Pa5 weaker. How does he think this will succeed? }
27. Rd4 Rb7 28. Bh7+ ( 
{ an appealing, but false trail: }
 28. Qd1 Qf6 29. Bxd5 exd5 30. Rxd5 Rxb2 31. Rxd7 Rxe2 32. Qxe2 Qa1+ 33. Kg2 Qxa3 ) ( 28. f4 $5 
{ idea: f4-f5 to undermine Nd5 and further weaken Kg8 by opening lines for White's rooks }
 28...e5 $4 29. Bxd5+ cxd5 30. Rxe5 $16 ) 28...Kh8 29. Bd3
{ White's pieces look active, but they get in each other's way. Ideally he'd like to get his queen in front of Bd3 (at e4 for example) to attack Kh8, but he can't because Re2 is in the way. All the weaknesses put demands on his pieces and they're not free to just attack. }
29...Qf6 30. Ra4 Ra8 31. Qd2 Qd8 32. Bb1 Rb5
{ This is consistent with his plan to defend Pa5 and threaten Pc5, but Rb5 can't easily get to the king-side for defense. Black depends upon his queen, knight and possibly Ra8 to defend the king-side. White might be able to bring all his pieces to bear on the king-side. }
33. Rh4 ( 33. Qd3 Nf6 ) 33...Qe7
{ This is a gutsy move. It allows White to win Ph6 and continues the plan to pressure White's queen-side. Or, perhaps he just overlooked that Kasparov might capture Ph6. }
 ( 33...Qf6 $4 34. Qd3 Kg8 35. Qh7+ Kf7 36. Rg4 
{ and White's attack gains ground }
 ) ( 33...Qf8 $5 
{ defends Ph6, leaves open f6 for the knight and attacks Pc5 }
 ) 34. Rxh6+ Kg8 ( 34...gxh6 $4 35. Qxh6+ Kg8 36. Re4 ) 35. Rh4 Rab8 36. Bh7+ Kf7 37. Qd3 Qg5
{ This seems aggressive because he's keeping his king safe and still expecting to break through on the queen-side. To capture Pb2 and allow White to succeed in the attack on Kf7 wouldn't be good. But, however scary it may seem, it's not clear White has anything. }
 ( 37...Rxb2 38. Bg6+ Kg8 39. Qf3 
{ idea: Rh4-h8+ (to pull Black's king onto the h-file) Qf3-h5+-h7+-h8# }
 39...Nf6 ( 39...Qf6 $4 40. Rxb2 Rxb2 41. Rh8+ Kxh8 42. Qh5+ Kg8 43. Qh7+ Kf8 44. Qh8+ Ke7 45. Qe8# ) ( 39...Qg5 $4 40. Qf7# ) 40. Re5 
{ intending Re5-h5-h8# }
 ( 40. Qf4 Qxc5 ) 40...R8b3 ( 40...Qf8 
{ This very computer-ish move, aimed at generating counterplay at f2, would have to be found on the time control move, no doubt with little time. With Kg8 boxed-in Black couldn't have much confidence in the situation, even if it really would hold a draw. }
 ) 41. Reh5 Nxh5 42. Qxh5 Qxh4 43. Qxh4 Rb8 44. Qh7+ Kf8 45. Qh8+ Ke7 46. Qxg7+ Kd8 47. h4 $18 ) ( 37...Qxc5 $5 
{ This is an anti-intuitive move which might have the best chance of winning. Walking away from the king's defense actually opens a path for the king to perhaps walk away from the attackers. However, this probably wasn't his original plan intention. }
 ) 38. Qd4 Rxb2
{ a tactical trick in time trouble? If 39. Rxb2 Qc1+ regains the rook. }
39. Bg6+ Kg8 ( 
{ Another computer-ish move which one probably wouldn't be considering is }
 39...Kxg6 40. Rxb2 $4 ( 40. Rg4 Rxe2 41. Qd3+ ( 41. Rxg5+ $4 Kxg5 ) 41...Kf6 42. Rxg5 Re1+ 43. Kg2 Kxg5 44. Qd2+ Ne3+ 45. fxe3 Reb1 ) 40...Qc1+ 41. Kg2 Qxb2 42. Rg4+ Kh5 43. Rh4+ Kg5 ) 40. Bh7+ Kf7 41. Bg6+ Kg8 42. Bh7+
{ The complications can be overwhelming and the players choose not to lose when they don't see a way to win. For example, Anand could have tried 42...Kf8 to end the attacking checks, hoping for time to continue his plan. But, being down a pawn and seeing Kasparov grasping at perpetual check, he probably felt like it was a good idea to draw. }
1/2-1/2

[Event "SuperGM"]
[Site "Linares ESP"]
[Date "2002.02.26"]
[Round "4"]
[White "Ponomariov, Ruslan"]
[Black "Shirov, Alexei"]
[Result "1/2-1/2"]
[WhiteElo "2727"]
[BlackElo "2715"]
[Annotator "Hathaway, Mark"]

1. e4
{ Ponomariov's two previous games were decisive, so it will be interesting to see if he enters into complications or steers to a quiet draw. Ponomariov was "odd man out" round three and didn't play. }
1...c5 2. Nf3 Nc6 3. Nc3 e5
{ It hasn't been that long ago players wouldn't play 3...e5. It was feared White could use the c4-f7 diagonal. But, in the past year or so 3...e5 has been seen quite a few times. For the time being f2-f4 is blocked by Nf3 and Black's pawns prevent d2-d4, so White will necessarily lose time reorganizing. In the long run Black's weak d5 may tell, but he should be able to develop pieces actively. }
4. Bc4 d6 5. d3 Be7 ( 
{ There's no need to hurry with }
 5...Bg4 6. h3 Bxf3 7. Qxf3 
{ because it helps White solve his slight cramp and perhaps to clear the way for f2-f4. Black isn't ready yet to play ...Nc6-d4 because that one piece can't do much damage to White by itself. Black needs more piece development before beginning significant offensive operations. }
 ) 6. Nd2 Bg5 7. h4 ( 7. Nf1 Bxc1 8. Rxc1 
{ leaves d4 weaker, but also ensures White will have Nf1-e3, Nc3-d5, c2-c3 to secure both light squares and d4. }
 ) 7...Bxd2+
{ He is trading his "bad bishop" (the one which clashes with his central pawns) for a White knight which might maneuver Nd2-f1-e3-d5. Whether this is necessary isn't clear, but it is consistent positional play. }
8. Bxd2 Nf6
{ I'm not certain I like this move, but ...Ng8-e7 has some problems too. Qd8 needs room to move, to give Ke8 an option to O-O-O. That means he needs ...Bc8-e6 and perhaps ...Qd8-d7. It's not clear what's required and what's optional here. After all, after the game move White can't maintain a pin on Nf6 with 9. Bg5 in light of 9...h6. }
 ( 8...Nge7 ) 9. Bg5 Be6 ( 9...h6 10. Bxf6 Qxf6 11. Nd5 Qd8 12. Qh5 Be6 13. Nc7+ 
{ is certainly questionable because of }
 13...Qxc7 14. Bxe6 g6 ) 10. Nd5 Bxd5 11. Bxd5 h6
{ Now that White has the two bishops v. two knights he decides to regain one of them. Though his position is fine it's hard to know how valuable those bishops might become later. }
12. Bxf6 Qxf6 13. Qd2 Ne7
{ With this move Black doesn't commit himself to a queen-side action, but he certainly makes it clear White's bishop is a target. }
14. Bc4 O-O
{ Now Black's ready for ...a7-a6 and ...b7-b5 to squeeze White's queen-side, particularly the bishop, and perhaps to gain control of which files might open for rooks. }
15. Kf1 Rad8
{ This move surprises me completely. I'd have thought he was happy with the cooperation of his Ne7 with the dark-square pawns. He must be thinking Kf1 is uncomfortable and White's rooks are split, so he should go right down the middle at Qd2 (e.g. ...d6-d5xe4) . }
 ( 15...a6 16. a4 b6 17. Rh3 Rfb8 18. Rf3 Qxh4 $13 
{ and it's very unclear who's better. I think Qh4 is better than Qd2, but Bc4 and Rf3 are quite good together. }
 ) ( 15...b5 $6 16. Bxb5 Rfb8 17. a4 a6 18. Bc4 Rxb2 19. a5 
{ and Pa6 would be a long-term weakness }
 ) 16. Re1 d5 17. exd5 Nxd5 18. Qe2 Rfe8 19. Qe4 Nb6 20. Bb3 ( 20. Qxb7 Nxc4 21. dxc4 Rd2 ) 20...Rd4
{ smashing through at the cost of a pawn or two. Will Black get to Kf1? A more cautious player might take time for ...Re8-e7 to defend the rook (Re7) and Pb7. }
21. Qxb7 c4 22. dxc4 ( 22. Bxc4 Nxc4 23. dxc4 
{ gets rid of Nb6 to prevent it from ever becoming an attacking piece, but gives up on the bishop v. knight advantage. }
 23...e4 ) 22...e4 23. Kg1 Rd7 24. Qa6 e3 25. fxe3
{ Leaving Black's pawn on the board is probably more dangerous than exposing the king further to checks. }
 ( 25. f3 $4 e2 26. c5 Qd4+ 27. Kh2 Qxh4+ 28. Kg1 Qxe1+ 29. Kh2 Qh4+ 30. Kg1 e1=Q+ 31. Qf1 Qxf1+ 32. Kxf1 Re1# ) 25...Rxe3 26. Rxe3 Rd1+ 27. Kh2 Qxh4+
{ and White (or is it Black) must concede to a draw by perpetual check after 28. Rh3 Qf4+ 29. Rg3 ( 29. g3?? Qf2# ) Qh4+ ( 29...Rxh1+ 30. Kxh1 Qxf4 should be good for White because Pc4 is passed and Pa7 about to fall ) = }
1/2-1/2

[Event "SuperGM"]
[Site "Linares ESP"]
[Date "2002.02.26"]
[Round "4"]
[White "Adams, Michael"]
[Black "Vallejo Pons, Francisco"]
[Result "1/2-1/2"]
[WhiteElo "2742"]
[BlackElo "2629"]
[Annotator "Hathaway, Mark"]

1. e4 e5 2. Nf3 Nc6 3. Bb5 Nf6
{ He seems to have absorbed the Kasparov-Kramnik games with this opening and feels it's safe enough in this event. He's probably not more ambitious than to hope for a draw in his games with the Black pieces. }
4. O-O Nxe4 5. d4 Nd6 6. Bxc6 dxc6 7. dxe5 Nf5 8. Qxd8+ Kxd8 9. Nc3 Ne7 ( 9...h6 ) 10. b3 ( 10. Rd1+ Ke8 ( 10...Bd7 $2 11. Ng5 
{ and Kd8 is busy defending Bd7, so Pf7 will disappear }
 ) 11. h3 Bf5 12. Ne1 Rd8 13. Be3 b6 14. g4 Be6 15. Kg2 h5 
{ and it's difficult for White to proceed without making a concession or two }
 ) 10...Bg4 ( 10...Bf5 ) ( 10...h6 ) 11. Ng5 Ke8
{ Black has achieved much of his plan to develop Bc8-g4 and clear the way for Ra8-d8. But, this does nothing for Bf8 and Rh8 AND Bg4 is a little vulnerable to White's king-side pawns. White has to find a way to keep Pc2 safe (as usual) as he chases Bg4 back -- bringing more pawns to the aid of Pe5, so White can force another line opening before Black can get Bf8 & Rh8 developed. }
12. Bb2 Nd5 13. h3 Bf5 14. g4 Bd7 ( 14...Bxc2 $4 15. Nxd5 cxd5 16. Rfc1 Bg6 17. Rxc7 ) 15. Ne2 ( 15. f4 $2 h5 16. f5 hxg4 17. hxg4 Rh4 ) 15...h5
{ Just when White appears to have his pawns storming up the board Black undermines them, and before Ne2-g3 could secure square h5! }
16. c4 Nb4 17. Rad1
{ One should never assume Adams (in particular) ever makes a move such as this without some intention. Black can respond to Rad1 and leave ...hxg4 for later. }
17...hxg4 ( 17...Rd8 ) 18. Nxf7 Kxf7 ( 
{ Though it seems a little risky it might be safe enough to play }
 18...Rxh3 19. Nf4 Rf3 20. e6 Bxe6 21. Nxe6 Kxf7 22. Nxf8 Rxf8 23. Rd7+ Ke6 ) 19. Rxd7+ Ke6 20. Rxc7 Nd3 21. Bd4 Rxh3
{ Though Pb7 is en prise it appears Black's pieces are all active enough and White's seem uncoordinated. That might change in a few moves though; the position is quite fluid. }
22. Be3 g5
{ guarding against Ne2-f4+, so he can capture Pe5 }
23. Rxb7 Nxe5 24. Kg2
{ I suspect White still has some advantage because Ke6 is exposed and Black's pawns are split. But, Adams might have been in some time pressure or he may not have seen any specific way to make headway. And, with a draw they both remain tied for the lead, at this early point of the tournament. }
1/2-1/2